000 01204cam a22003377a 4500
001 14268798
003 NUST - PNEC
005 20170116180750.0
008 060216s2006 nyua b 001 0 eng d
010 _a 2006922522
016 7 _a977347575
_2GyFmDB
020 _a0387310738 (hd.bd.)
020 _a9780387310732
035 _a(CStRLIN)CXRC06-B184
040 _cLIBRARY
042 _alccopycat
050 0 0 _aQ327
_b.B52 2006
082 0 0 _a006.4 BIS
_222
100 1 _aBishop, Christopher M.
245 1 0 _aPattern recognition and machine learning /
_cChristopher M. Bishop.
260 _aNew York :
_bSpringer,
_c2006.
300 _axx, 738 p. :
_bill. (some col.) ;
_c25 cm.
504 _aIncludes bibliographical references and index.
650 0 _aPattern perception.
_xMIS
650 0 _aMachine learning.
856 _uhttp://www.amazon.com/Pattern-Recognition-Learning-Information-Statistics/dp/0387310738/ref=sr_1_1?s=books&ie=UTF8&qid=1425706791&sr=1-1&keywords=9780387310732
906 _a7
_bcbc
_ccopycat
_d2
_encip
_f20
_gy-gencatlg
942 _2ddc
_cBK
999 _c62508
_d62508